Statistics for Clue Characters

Click here to take the quiz!

General Stats

  • This quiz has been taken 9 times
  • The average score is 5 of 11

Answer Stats

Answer% Correct
Col. Mustard
75%
Mr. Boddy
50%
Mr. Green
50%
Mrs. Peacock
50%
Ms. Scarlett
50%
Ms. White
50%
Prof. Plum
50%
Singing Telegram
25%
The Cop
25%
Wadsworth
25%
Yvette
25%

Score Distribution

Percentile by Number Answered

Percent of People with Each Score

Your Score History

You have not taken this quiz